| 000 | 02174nam a2200313Ia 4500 | ||
|---|---|---|---|
| 001 | H5770 | ||
| 003 | IT-RoPAU | ||
| 008 | 130308s9999 xx 000 0 und d | ||
| 040 | _aIT-RoPAU | ||
| 040 | _cIT-RoPAU | ||
| 041 | _aITALIANO | ||
| 100 | _aSimonelli Giorgio | ||
| 100 | _gCodice Aut. SPICS: 14747 | ||
| 245 | _aSpeciale tg. Forme e tecniche del giornalismo televisivo | ||
| 245 | _bSpeciale Tg. forme e Tecniche del Giornalismo Televisivo | ||
| 250 | _a4a ed. | ||
| 260 | _aNOVARA | ||
| 260 | _bInterlinea | ||
| 260 | _c2005 [1° Ed.:1997 - Ed.Ling.Originale:1997] | ||
| 300 | _a"344 p. (prefazione: no ; testo: 344 [pagine: 0-0])" | ||
| 500 | _a"Telegiornale: Storia, Modelli, Funzioni di G. Simonelli. Tracce: Viaggio da Rimeditare di G. Tramontana; Parole del Tg di M. Caratti; quelli che ci Parlano, Nuova Identità Conduttore Tg di M. Deriu; telegiornali e palinsesti di P. Aroldi; Galassia Tg, Disseminazione del Tg tra Televisione, internet e telefonia mobile di N. Vittadini. Tg fuori dal Tg: Informazione sportiva Quotidiana di P. Abbiezzi; Economia Nei Tg di C. Pota; costume e Societa'Di G. Di Lauro; che Fai Ridi? Informazione, satira e Comicità in Strisciala notizia di F. Buscemi; rassegna Stampa e Metainformazione di G. Dainelli; un Tg Under 16, Il Gt ragazzi (Raitre) di L. Ogna; Tg e Altre Culture Din. Vittadini. Testimonianze: regole del Racconto di A.M.Valli; reti All News di E. Carelli; telegiornale Regionale, raccontare Proprio villaggio di E. Chiodi. Panoramiche Estere: 1 speciale Tg, telegiornale Tsi di E. Colomboe R. Benassi; Tg Francese di M. Villa; Informazione televisiva in Gb di E.Midolo; Tg in Germania di C. Valmachino; Tg in Spagna di E. Malinverno; Tgin Australia di C. Oreglia; Influenza Informazione televisiva Americana Suquella Italiana di E. Menduni. Appendici: Otto Film e mezzo Sul telegiornale di G. Simonelli; Telegiornale, Questo Sconosciuto, indicazioni bibliografiche di M. Deriu; I Direttori dei Tg Italiani" | ||
| 650 | _aGENERI TELEVISIVI | ||
| 650 | _eCodice materia Spics: 6960 | ||
| 700 | _aAA.VV. | ||
| 700 | _gCodice Aut. SPICS: 12000 | ||
| 942 | _cBK | ||
| 957 | _71 | ||
| 999 |
_c94129 _d94129 |
||
| 999 | _g1 | ||